00906nam a22002177a 4500003000500000008004100005040000800046041001300054082001700067100003300084245004000117250002700157260005200184300003400236336002700270337003300297338002900330505026100359650002700620650004100647BPGM260618e1998 mx ||||g |||| 001 0 spa d bspa aspahspa042922.272aA77 aO.P. ARROYO, ESTEBANeAUTOR  aEPISCOPOLOGIO DOMINICANO DE MEXICO  aPRIMERA EDICION b1998 aMEXICObGOBIERNO DEL ESTADO DE QUERETARO c1998 a282 paginas c23 cm x 16.2 cm 2rdacontentatextobtxt 2rdamediaasin mediaciónbn 2rdacarrieravolumen bnc aes una obra histórica que documenta la vida y obra de los obispos dominicos en México, así como la influencia de la Orden de Predicadores en la evangelización, la organización eclesiástica y la vida social desde el siglo XVI hasta el siglo XIX. 2GEOGRAFÍA E HISTORIA 2BIOGRAFÍA, GENEALOGÍA, INSIGNIAS